Score 0/20 Timer 06:00
3 Plays Today
% Correct
honey
94.7%
habanero
94.6%
hamburger
94.2%
hollandaise
94.1%
halibut
93.6%
haggis
93.2%
high tea
93.1%
haute cuisine
93%
hot dog
92.8%
hash browns
92.8%
% Correct
hors d'oeuvre
92.6%
herbes de provence
92.5%
horseradish
92.1%
homogenize
91.7%
haunch
89.4%
hard-crack stage
89.1%
Hurricane
89.1%
harissa
87.3%
hoagie
84%
hush puppy
83%
Remove Ads.
Support Sporcle.
Get the best of Sporcle when you Go Orange. This ad-free experience offers more features, more stats, and more fun while also helping to support Sporcle. Thank you for becoming a member.

You're not logged in!

Compare scores with friends on all Sporcle quizzes.
OR
Log In

Sporcle TV

Today on Sporcle TV


Watch our educational content, quiz creation guides, and fun videos on Sporcle TV.

Show Comments

Extras

Top Quizzes Today


Score Distribution

Paid Content

Your Account Isn't Verified!

In order to create a playlist on Sporcle, you need to verify the email address you used during registration. Go to your Sporcle Settings to finish the process.

Report this User

Report this user for behavior that violates our Community Guidelines.

Details: